| 000 | 00560nam a2200193Ia 4500 | ||
|---|---|---|---|
| 001 | 21269 | ||
| 003 | GE_BSU | ||
| 008 | 181216s||||||||xx |||||||||||||| ||und|| | ||
| 040 | _cGE_BSU | ||
| 245 | _aВопросы экономики №9, 2017 | ||
| 245 | _cРед,кол: О.И.Ананьин, Р.С.Гриберг, и др. | ||
| 260 | _aМосква | ||
| 260 | _c2017 | ||
| 300 | _a160 стр. 26см. | ||
| 653 | _aВопросы экономики №9, 2017 | ||
| 653 | _aПериодика | ||
| 653 | _aპერიოდიკა | ||
| 942 | _cCR | ||
| 999 |
_c54213 _d54213 |
||